000 00714nam a2200253Ia 4500
003 OSt
005 20221005073818.0
006 a|||||r|||| 00| 0
007 ta
008 221004b |||||||| |||| 00| 0 eng d
020 _a9789333150262 (hbk)
_cIndian Rupees 540
024 _a70798
037 _bGift, 10/12/2021,
_cTextual
040 _aCRL
_cCRL
_beng
041 _2eng
_aeng
082 _aP111:1, Q3
100 _aJones Daniel Au.
_9608306
245 0 _aPronunciation of english
260 _aNew Delhi
_bIsha Books India
_c2013
300 _a153p.
_ccm.
650 _aLINGUISTICS
942 _hP111:1, Q3
_cTEXL
_2cc
999 _c981722
_d981722